000 00778npm a2200217 i 4500
001 5263
003 ES-MaACL
005 20230909115027.0
007 hzrazu bucu
008 900426r19901756sp a 00010 spa d
080 _a616.981.45-084
100 1 _aDíaz Salgado, Juan.
_944419
245 1 0 _aSystema Physico medico-politico de la peste
_b: [Microforma] : su preservacion y curacion... /
_cJuan Diaz Salgado.
260 _aMadrid :
_bAteneo Cientifico, Literario y Artistico,
_c1990.
300 _a1 carrete de microfilme :
_bnegativo ;
_c16 mm.
500 _aPublicado originalmente: Madrid, Oficina de Antonio Sanz, 1756.
650 1 4 _aObras anteriores a 1800.
_915661
852 _aES-MaACL
_jMC-387
_95380
942 _2udc
_cMICROFORMA
999 _c5263
_d5263